000 00500nam a2200241Ia 4500
003 IT-RoPAU
008 120407s9999 xx 000 0 und d
040 _aIT-RoPAU
040 _cIT-RoPAU
041 _aita
100 _aHenri Cazelles
245 _aIl pentateuco
250 _aBrescia
260 _aPaideia
260 _c1968
300 _a343 p.
300 _c24 cm
490 _aBibliot. di Studi Biblici, 4
490 _v1
700 _aJ. Bouhot
942 _cBK
999 _c33068
_d33068